Office 2013 elearning kit for dummies |c Faithe Wempen

Tallennettuna:
Bibliografiset tiedot
Päätekijä:  Wempen, Faithe
Aineistotyyppi: Sách
Kieli:Undetermined
Julkaistu:  John Wiley & Son, Inc  2014
Aiheet:
Tagit: Lisää tagi
Ei tageja, Lisää ensimmäinen tagi!
Thư viện lưu trữ: Trung tâm Thư viện - Trường Đại học Công nghiệp TP. Hồ Chí Minh
LEADER 00514nam a2200157Ia 4500
001 UIH_04143
008 231011s9999 xx 000 0 und d
082 |a  005.5 
100 |a  Wempen, Faithe 
245 0 |a  Office 2013 elearning kit for dummies |c Faithe Wempen 
245 0 |c  Wempen, Faithe 
260 |b  John Wiley & Son, Inc 
260 |c  2014 
650 |a  Chương trình máy tính;  
927 |a Sách 
980 |a Trung tâm Thư viện - Trường Đại học Công nghiệp TP. Hồ Chí Minh